Rethinking informed consent in bioethics (Record no. 56437)

MARC details
000 -LEADER
fixed length control field 01531nam a2200313 a 4500
001 - CONTROL NUMBER
control field 15032224
008 - FIXED-LENGTH DATA ELEMENTS--GENERAL INFORMATION
fixed length control field 120625s2007 ||||||||||||||||| || u
010 ## - LIBRARY OF CONGRESS CONTROL NUMBER
LC control number 2007280642
020 ## - INTERNATIONAL STANDARD BOOK NUMBER
International Standard Book Number 9780521874588 (hbk.)
020 ## - INTERNATIONAL STANDARD BOOK NUMBER
International Standard Book Number 0521874580 (hbk.)
020 ## - INTERNATIONAL STANDARD BOOK NUMBER
International Standard Book Number 9780521697477 (pbk.)
020 ## - INTERNATIONAL STANDARD BOOK NUMBER
International Standard Book Number 0521697476 (pbk.)
050 ## - LIBRARY OF CONGRESS CALL NUMBER
Classification number R 724 Man
100 ## - MAIN ENTRY--PERSONAL NAME
Personal name O'Neill, Onora, 1941-
245 10 - TITLE STATEMENT
Title Rethinking informed consent in bioethics
Statement of responsibility, etc. Neil C. Manson and Onora O'Neill
260 ## - PUBLICATION, DISTRIBUTION, ETC.
Place of publication, distribution, etc. Cambridge
Name of publisher, distributor, etc. Cambridge University Press
Date of publication, distribution, etc. 2007
300 ## - PHYSICAL DESCRIPTION
Extent xiv, 212 p.
350 ## - PRICE (NR) (BK AM CF MU VM SE) [OBSOLETE]
Price 0.00
500 ## - GENERAL NOTE
General note Bibliography
505 ## - FORMATTED CONTENTS NOTE
Formatted contents note Consent : Nuremberg, Helsinki and beyond -- Information and communication : the drift from agency -- Informing and communicating : back to agency -- How to rethink informed consent -- Informational privacy and data protection -- Genetic information and genetic exceptionalism -- Trust, accountability and transparency -- Some conclusions and proposals.
650 #0 - SUBJECT ADDED ENTRY--TOPICAL TERM
Topical term or geographic name entry element BIOETHICS
650 #0 - SUBJECT ADDED ENTRY--TOPICAL TERM
Topical term or geographic name entry element INFORMED CONSENT (MEDICAL LAW)
650 #0 - SUBJECT ADDED ENTRY--TOPICAL TERM
Topical term or geographic name entry element MEDICINE--RESEARCH--MORAL AND ETHICAL ASPECTS
700 ## - ADDED ENTRY--PERSONAL NAME
Personal name Manson, Neil C
856 ## - ELECTRONIC LOCATION AND ACCESS
Uniform Resource Identifier <a href="http://www.loc.gov/catdir/enhancements/fy0803/2007280642-t.html">http://www.loc.gov/catdir/enhancements/fy0803/2007280642-t.html</a>
856 ## - ELECTRONIC LOCATION AND ACCESS
Uniform Resource Identifier <a href="http://www.loc.gov/catdir/enhancements/fy0803/2007280642-b.html">http://www.loc.gov/catdir/enhancements/fy0803/2007280642-b.html</a>
856 ## - ELECTRONIC LOCATION AND ACCESS
Uniform Resource Identifier <a href="http://www.loc.gov/catdir/enhancements/fy0803/2007280642-d.html">http://www.loc.gov/catdir/enhancements/fy0803/2007280642-d.html</a>
995 ## - RECOMMENDATION 995 [LOCAL, UNIMARC FRANCE]
-- CBU-MAIN LIBRARY (Kitwe)
-- 0.00
-- 1
-- AVAILABLE
-- Sep 25, 2012
-- Annex Low-Usage Collection
Holdings
Withdrawn status Lost status Source of classification or shelving scheme Damaged status Not for loan Home library Current library Shelving location Date acquired Total Checkouts Full call number Barcode Date last seen Price effective from Koha item type
          CBU-MAIN LIBRARY, KITWE. CBU-MAIN LIBRARY, KITWE.   11/30/2022   R 724 Man 742939 11/30/2022 11/30/2022 MONOGRAPH